| 000 | 00479nam a2200181Ia 4500 | ||
|---|---|---|---|
| 001 | 25445 | ||
| 005 | 20260414151150.0 | ||
| 008 | 260414t2022||||xx |||||||||||||| ||spa|| | ||
| 041 | _aESP | ||
| 082 |
_a346.5 _bT21 |
||
| 100 |
_aTapia Cornejo, Bruno _eAUT |
||
| 245 | 0 |
_aEl derecho de las obligaciones : _bla prueba del daño moral en la jurisprudencia |
|
| 260 | _c2022 | ||
| 300 |
_a399 páginas : _c25 cm. |
||
| 650 | _aDER | ||
| 654 | _aCDE | ||
| 942 |
_cLIB _dJUS _fJUS _2ddc _n |
||
| 999 |
_c25445 _d25445 |
||